000 00573nam a2200193Ia 4500
005 20250127050811.0
008 240331s9999 xx 000 0 und d
020 _a8170130530
082 _bCAS
_a910
100 _aCasie C.S
245 4 _aThe Ceylon gazetteer :
_bcontaining an accurate account of thedistricts, provinces, cities, towns, principal villages, harbours, rivers, lakes, etc.,
260 _aNew Delhi
_bNavrang
_c1989
300 _aviii, 15 p .,
650 _aAgriculture
650 _aPopulations
650 _aReligion
650 _aHistory
942 _cL
999 _c3423
_d3423